[Event "GER-chT U10"]
[Site "Magdeburg"]
[Date "2016.12.28"]
[Round "4.4"]
[White "Do, Minh Philip"]
[Black "Hellwig, Konstantin Joshua"]
[Result "1-0"]
[WhiteElo "600"]
[BlackElo "908"]
[PlyCount "75"]
[EventDate "2016.12.27"]
[EventType "team-swiss"]
[EventRounds "7"]
[EventCountry "GER"]
[SourceTitle "EXT 2018"]
[Source "ChessBase"]
[SourceDate "2017.10.13"]
[SourceVersion "1"]
[SourceVersionDate "2017.10.13"]
[SourceQuality "1"]
[WhiteTeam "Falkenberg"]
[BlackTeam "Magdeburg Schachzwerge"]
[WhiteTeamCountry "GER"]
[BlackTeamCountry "GER"]

1. e4 e5 2. Nf3 Nc6 3. Nc3 Nf6 4. Bc4 Nxe4 5. Nxe4 d5 6. Bxd5 Qxd5 7. Qe2 Bg4 8. Nc3 Qd7 9. h3 Bh5 10. Qe3 b6 11. Nxe5 Nxe5 12. Qxe5+ Qe7 13. Qxe7+ Bxe7 14. Nb5 Bd6 15. Nxd6+ cxd6 16. b3 0-0 17. Ba3 Rad8 18. 0-0 h6 19. d4 Bg6 20. c4 Bh5 21. c5 dxc5 22. dxc5 bxc5 23. Bxc5 a5 24. Bxf8 Kxf8 25. g3 f6 26. Rab1 Rb8 27. a3 Bg6 28. Rb2 Bd3 29. Rd1 Bf5 30. Rdd2 Rb7 31. b4 Be4 32. b5 Ke7 33. Rb3 g6 34. b6 Ke6 35. f3 Bc6 36. Rc2 Bd7 37. Rc7 Rxc7 38. bxc7 1-0